| 000 | 01006nam a22003137a 4500 | ||
|---|---|---|---|
| 001 | BR7803940 | ||
| 003 | BR-BrBNA | ||
| 005 | 20230928085633.0 | ||
| 007 | ta | ||
| 008 | 230509b bl.||||| |||| 00| 0 por d | ||
| 040 |
_aBR-BrBNA _bpor _cBiblioteca Nacional de Agricultura |
||
| 041 | _a(Por) | ||
| 072 |
_aE50; E30 _b/G514 |
||
| 090 | _ E50 BR7803940 | ||
| 100 | 1 | _aWeitz, R. | |
| 110 | 1 | _aBanco do Nordeste do Brasil S.A., Fortaleza, CE | |
| 245 | 1 | _aUma nova estrategia de desenvolvimento rural [Desenvolvimento economico; Brasil] | |
| 260 | 3 |
_aFortaleza, CE (Brasil): _c1978. |
|
| 300 | _a319 p. | ||
| 500 | _a2 tables; Translation of: From peasant to farmer revolucionary strategy for development | ||
| 650 | _aDesenvolvimento rural | ||
| 650 | _aDesenvolvimento economico | ||
| 650 | _aDesenvolvimento agricola | ||
| 650 | _aPlanejamento economico | ||
| 650 | _aDesenvolvimento comunitario | ||
| 650 | _aEstrutura agraria | ||
| 909 |
_a202309 _bLucia _c55 _dLucia Elande |
||
| 942 | _cBK | ||
| 999 |
_c25509 _d25509 |
||